[Event "Sportsko leto 2017"]
[Site "Paracin"]
[Date "2017.07.10"]
[Round "4.1"]
[White "Ali Marandi, Cemil Can"]
[Black "Damljanovic, Branko"]
[Result "1-0"]
[WhiteElo "2515"]
[BlackElo "2544"]
[PlyCount "93"]
[EventDate "2017.??.??"]

1. e4 e6 2. d4 d5 3. Nd2 a6 4. Bd3 c5 5. dxc5 Bxc5 6. Ngf3 Nc6 7. a3 Ba7 8. O-O
Nge7 9. b4 Ng6 10. Bb2 O-O 11. g3 d4 12. h4 Qf6 13. Nh2 e5 14. h5 Nge7 15. f4
exf4 16. gxf4 Qh4 17. f5 b5 18. Rf2 Kh8 19. Rg2 f6 20. Ndf3 Qxh5 21. Qd2 Nxf5
22. exf5 Bxf5 23. Qf4 Bh3 24. Re2 g5 25. Qd6 Rac8 26. Qg3 Bb8 27. Qe1 Bg4 28.
Qf1 Ne5 29. Nxe5 Bxe5 30. Nxg4 Qxg4+ 31. Qg2 Qxg2+ 32. Kxg2 Kg7 33. a4 Rc7 34.
axb5 axb5 35. Bc1 h6 36. Bd2 Rb8 37. Be1 Rb6 38. Bg3 Bxg3 39. Kxg3 h5 40. Re8
f5 41. Bxf5 Rf6 42. Bd3 Rcf7 43. Re5 h4+ 44. Kg4 Kh6 45. Rf5 Rxf5 46. Bxf5 Rf6
47. Ra7 1-0

[Event "Sportsko leto 2017"]
[Site "Paracin"]
[Date "2017.07.10"]
[Round "4.2"]
[White "Sanal, Vahap"]
[Black "Zanan, Evgeny"]
[Result "0-1"]
[WhiteElo "2533"]
[BlackElo "2428"]
[PlyCount "128"]
[EventDate "2017.??.??"]

1. Nf3 Nf6 2. g3 c5 3. Bg2 Nc6 4. O-O e5 5. c4 d5 6. cxd5 Nxd5 7. Nc3 Be6 8. d3
Be7 9. Bd2 O-O 10. a3 f6 11. Nxd5 Bxd5 12. Bc3 Nd4 13. Nd2 Bxg2 14. Kxg2 Qd5+
15. Kg1 Rfd8 16. a4 b6 17. Nc4 Qe6 18. e3 Nc6 19. Qe2 Rd7 20. Rad1 Rad8 21. b3
Bf8 22. f4 e4 23. dxe4 Qxe4 24. Rxd7 Rxd7 25. Nd2 Qd3 26. Qxd3 Rxd3 27. Rc1 Nb4
28. Nb1 Na2 29. Rc2 Rd1+ 30. Kf2 Rxb1 31. Rxa2 Rxb3 32. Be1 f5 33. Ke2 Kf7 34.
Rd2 Ke8 35. Rd5 g6 36. h3 h5 37. e4 fxe4 38. f5 Rb2+ 39. Kf1 gxf5 40. Rxf5 Bg7
41. Rxh5 e3 42. Rh4 Bd4 43. Re4+ Kf7 44. g4 a6 45. Bh4 Rh2 46. Bg5 e2+ 47. Rxe2
Rxh3 48. Kg2 Ra3 49. Re7+ Kg6 50. Bf4 b5 51. axb5 axb5 52. Rb7 b4 53. Rb6+ Kf7
54. Bh6 b3 55. g5 b2 56. g6+ Ke7 57. Rb7+ Ke6 58. g7 Ra8 59. Kf3 Kd5 60. Ke2
Kc6 61. Rb3 c4 62. Rb4 Bc3 63. Rxc4+ Kd5 64. Rg4 b1=Q 0-1

[Event "Sportsko leto 2017"]
[Site "Paracin"]
[Date "2017.07.10"]
[Round "4.3"]
[White "Cerovic, Danilo"]
[Black "Atalik, Suat"]
[Result "0-1"]
[WhiteElo "2335"]
[BlackElo "2525"]
[PlyCount "42"]
[EventDate "2017.??.??"]

1. e4 e5 2. Nf3 Nc6 3. d4 exd4 4. Nxd4 Bc5 5. Nb3 Bb6 6. Nc3 Nf6 7. Qe2 a5 8.
a4 O-O 9. Bg5 h6 10. Bh4 Nd4 11. Nxd4 Bxd4 12. O-O-O Bxc3 13. bxc3 Qe7 14. Rd4
Re8 15. f3 d5 16. e5 Qa3+ 17. Kd2 c5 18. Rd3 Qxa4 19. Bxf6 gxf6 20. Rxd5 Be6
21. Rd6 Rad8 0-1

[Event "Sportsko leto 2017"]
[Site "Paracin"]
[Date "2017.07.10"]
[Round "4.4"]
[White "Kadric, Denis"]
[Black "Cabarkapa, Novak"]
[Result "1/2-1/2"]
[WhiteElo "2515"]
[BlackElo "2426"]
[PlyCount "40"]
[EventDate "2017.??.??"]

1. e4 d5 2. exd5 Qxd5 3. Nf3 Bg4 4. Be2 Nc6 5. h3 Bxf3 6. Bxf3 Qe6+ 7. Qe2 Nd4
8. Qxe6 Nxf3+ 9. gxf3 fxe6 10. b3 g6 11. Bb2 Nf6 12. Na3 Bg7 13. O-O-O Nh5 14.
Rde1 Bxb2+ 15. Kxb2 Nf4 16. Re4 Rf8 17. Nc4 O-O-O 18. d3 Rf6 19. h4 Rdf8 20.
Ne5 Nd5 1/2-1/2

[Event "Sportsko leto 2017"]
[Site "Paracin"]
[Date "2017.07.10"]
[Round "4.5"]
[White "Djordjevic, Vuk"]
[Black "Nestorovic, Nikola"]
[Result "0-1"]
[WhiteElo "2377"]
[BlackElo "2509"]
[PlyCount "60"]
[EventDate "2017.??.??"]

1. d4 Nf6 2. Bg5 Ne4 3. Bf4 c5 4. f3 Qa5+ 5. c3 Nf6 6. Nd2 cxd4 7. Nb3 Qd8 8.
cxd4 d5 9. e3 Nc6 10. Bb5 Bd7 11. Ne2 e6 12. Rc1 Nh5 13. O-O Nxf4 14. Nxf4 Qb6
15. Ba4 Bd6 16. Nd3 O-O 17. Nbc5 Be8 18. b4 a5 19. a3 axb4 20. axb4 Ne7 21.
Bxe8 Rfxe8 22. f4 Qb5 23. Ne5 b6 24. Ncd3 Ra3 25. Nf2 Nf5 26. Re1 Nxe3 27. Qh5
g6 28. Rxe3 Rxe3 29. Qh4 Be7 30. Qh6 Qxb4 0-1

[Event "Sportsko leto 2017"]
[Site "Paracin"]
[Date "2017.07.10"]
[Round "4.6"]
[White "Kovacevic, Aleksandar"]
[Black "Mcphillips, Joseph"]
[Result "1/2-1/2"]
[WhiteElo "2507"]
[BlackElo "2400"]
[PlyCount "94"]
[EventDate "2017.??.??"]

1. c4 e6 2. Nc3 d5 3. d4 Nf6 4. Bg5 dxc4 5. e4 a6 6. Bxc4 b5 7. Bb3 h6 8. Bxf6
Qxf6 9. e5 Qd8 10. d5 Bb4 11. Qg4 Bxc3+ 12. bxc3 Qg5 13. Qe4 Bb7 14. Nf3 Qe7
15. Qg4 exd5 16. Qxg7 Qf8 17. Qxf8+ Rxf8 18. O-O-O Rg8 19. Nh4 c6 20. Nf5 Bc8
21. Nd6+ Ke7 22. f4 f6 23. Rxd5 cxd5 24. Bxd5 Be6 25. Bxa8 fxe5 26. fxe5 Nd7
27. Bb7 Nxe5 28. Rd1 Rd8 29. Ne4 Rxd1+ 30. Kxd1 Bxa2 31. Bxa6 Bd5 32. Ng3 Bc6
33. Nf5+ Kf6 34. Ne3 Nd7 35. Bc8 Nb6 36. Bh3 h5 37. g3 Kg5 38. Bf1 Bd7 39. h4+
Kf6 40. Be2 Be8 41. Kd2 Ke5 42. Bf3 Na4 43. Ng2 Nc5 44. Ke3 Na4 45. Kd2 Nc5 46.
Ke3 Na4 47. Kd2 Nc5 1/2-1/2

[Event "Sportsko leto 2017"]
[Site "Paracin"]
[Date "2017.07.10"]
[Round "4.7"]
[White "Kosic, Dragan"]
[Black "Brankovic, Dejan"]
[Result "1-0"]
[WhiteElo "2487"]
[BlackElo "2377"]
[PlyCount "98"]
[EventDate "2017.??.??"]

1. d4 Nf6 2. Nf3 g6 3. c4 Bg7 4. Nc3 O-O 5. e4 d6 6. Be2 e5 7. Be3 h6 8. O-O
Ng4 9. Bc1 Nc6 10. d5 Ne7 11. Ne1 h5 12. h3 Nh6 13. Nd3 f5 14. f4 Nf7 15. fxe5
dxe5 16. exf5 Nxf5 17. Ne4 Qh4 18. Ndf2 N5d6 19. Bd3 Bf5 20. Qe2 Kh7 21. g3 Qe7
22. g4 hxg4 23. hxg4 Bd7 24. Kg2 Kg8 25. Rh1 Be8 26. Qe3 Nxe4 27. Nxe4 Nd6 28.
Qh3 Rf4 29. Bxf4 exf4 30. Rae1 Nxe4 31. Rxe4 Qf6 32. Qh7+ Kf8 33. Rxf4 Qxf4 34.
Rf1 Qxf1+ 35. Kxf1 Rd8 36. Bxg6 Bxg6 37. Qxg6 Rd6 38. Qc2 a5 39. g5 b6 40. Qf5+
Ke7 41. Qc8 Rd7 42. Qg8 Bf8 43. g6 Ke8 44. Qe6+ Kd8 45. Kg2 Re7 46. Qc6 Rd7 47.
Qf6+ Ke8 48. Kf3 Re7 49. Qc6+ Rd7 1-0

[Event "Sportsko leto 2017"]
[Site "Paracin"]
[Date "2017.07.10"]
[Round "4.8"]
[White "Harvey, Marcus R"]
[Black "Fernandez, Daniel Howard"]
[Result "1/2-1/2"]
[WhiteElo "2292"]
[BlackElo "2485"]
[PlyCount "89"]
[EventDate "2017.??.??"]

1. Nf3 g6 2. d4 Nf6 3. Bf4 Bg7 4. e3 Nh5 5. Be5 Bxe5 6. Nxe5 d6 7. Nf3 c5 8.
dxc5 Qa5+ 9. Nc3 Qxc5 10. Qd4 Qxd4 11. Nxd4 Nf6 12. a4 Nc6 13. a5 Nxd4 14. exd4
Bf5 15. Kd2 e5 16. Ra4 O-O-O 17. f3 Kb8 18. Rb4 Rhe8 19. Bb5 Re7 20. Re1 h5 21.
h4 Be6 22. Bd3 Bf5 23. Re2 Bxd3 24. Kxd3 a6 25. d5 Rc7 26. Rc4 Rxc4 27. Kxc4
Rc8+ 28. Kd3 Rg8 29. b4 g5 30. hxg5 Rxg5 31. Ne4 Nxe4 32. fxe4 Rg3+ 33. Kd2 b6
34. Rf2 bxa5 35. bxa5 Kc8 36. Rxf7 Rxg2+ 37. Kd3 Rg3+ 38. Kd2 Rg2+ 39. Kd3 Rg3+
40. Kd2 h4 41. Rf8+ Kc7 42. Rf7+ Kc8 43. Rf8+ Kc7 44. Rf7+ Kc8 45. Rf8+ 1/2-1/2

[Event "Sportsko leto 2017"]
[Site "Paracin"]
[Date "2017.07.10"]
[Round "4.9"]
[White "Blagojevic, Dragisa"]
[Black "Nestorovic, Lazar"]
[Result "1/2-1/2"]
[WhiteElo "2483"]
[BlackElo "2371"]
[PlyCount "55"]
[EventDate "2017.??.??"]

1. d4 Nf6 2. c4 g6 3. Nf3 Bg7 4. g3 O-O 5. Bg2 d6 6. O-O Bg4 7. h3 Bxf3 8. Bxf3
Qc8 9. Bg2 Nfd7 10. Nc3 c5 11. Nd5 Nc6 12. dxc5 dxc5 13. Bg5 Re8 14. Qd2 e6 15.
Nc3 f6 16. Bf4 Nde5 17. Qe3 g5 18. Bxe5 Nxe5 19. b3 Nf7 20. Rad1 f5 21. Nb5 Be5
22. Rd3 a6 23. Nc3 Qc7 24. Rfd1 Re7 25. Qd2 Rae8 26. e3 Bf6 27. Ne2 b5 28. Qc2
1/2-1/2

[Event "Sportsko leto 2017"]
[Site "Paracin"]
[Date "2017.07.10"]
[Round "4.10"]
[White "Lajthajm, Borko"]
[Black "Nestorovic, Dejan"]
[Result "1-0"]
[WhiteElo "2434"]
[BlackElo "2358"]
[PlyCount "85"]
[EventDate "2017.??.??"]

1. Nf3 Nf6 2. c4 e6 3. d4 Bb4+ 4. Nbd2 d5 5. a3 Be7 6. Qc2 O-O 7. e3 b6 8. cxd5
exd5 9. b4 Bd6 10. Bd3 Qe7 11. Bb2 Bb7 12. O-O Nbd7 13. b5 a6 14. a4 axb5 15.
axb5 Ne4 16. g3 Rfe8 17. Nh4 g6 18. Nxe4 dxe4 19. Bc4 Rxa1 20. Rxa1 Nf6 21. Ra7
Bd5 22. Bxd5 Nxd5 23. Qc4 Qe6 24. Ng2 g5 25. Ba3 Kg7 26. Ne1 Qf5 27. Bxd6 cxd6
28. Qc6 Rc8 29. Qd7 Qxd7 30. Rxd7 Rc1 31. Kf1 Nb4 32. Ke2 d5 33. Rd6 Ra1 34.
Kd2 Ra2+ 35. Kc3 Rxf2 36. Kxb4 Re2 37. Rxb6 Rxe1 38. Ra6 Rxe3 39. Ra1 Rd3 40.
b6 Rxd4+ 41. Kb5 Rd2 42. Rb1 e3 43. b7 1-0

[Event "Sportsko leto 2017"]
[Site "Paracin"]
[Date "2017.07.10"]
[Round "4.11"]
[White "Zajic, Milan"]
[Black "Cvetanovic, Uros"]
[Result "1/2-1/2"]
[WhiteElo "2513"]
[BlackElo "2266"]
[PlyCount "45"]
[EventDate "2017.??.??"]

1. e4 e5 2. Nf3 Nf6 3. Nc3 Nc6 4. d4 exd4 5. Nxd4 Bb4 6. Nxc6 bxc6 7. Bd3 d5 8.
exd5 cxd5 9. O-O O-O 10. Bg5 c6 11. Qf3 h6 12. Bxf6 Qxf6 13. Qxf6 gxf6 14. Na4
Bd7 15. c4 Rab8 16. a3 Bd6 17. b4 Rfc8 18. Rfd1 c5 19. Nxc5 Bxc5 20. bxc5 Ba4
21. Rd2 dxc4 22. Bxc4 Rxc5 23. Rd4 1/2-1/2

[Event "Sportsko leto 2017"]
[Site "Paracin"]
[Date "2017.07.10"]
[Round "4.12"]
[White "Kobo, Ori"]
[Black "Tica, Sven"]
[Result "1-0"]
[WhiteElo "2494"]
[BlackElo "2333"]
[PlyCount "107"]
[EventDate "2017.??.??"]

1. e4 c6 2. d4 d5 3. e5 Bf5 4. h4 h5 5. Bd3 Bxd3 6. Qxd3 Qa5+ 7. b4 Qa6 8. Qb3
e6 9. Ne2 Nd7 10. Nd2 Ne7 11. Ng3 Qb6 12. Nf3 Nf5 13. Nxf5 Qxb4+ 14. Qxb4 Bxb4+
15. Kd1 exf5 16. Rb1 Ba5 17. Rxb7 Bb6 18. Bg5 Rb8 19. Rxb8+ Nxb8 20. Ke2 Na6
21. Rb1 Nc7 22. a4 Kd7 23. Kd3 Ne6 24. c4 Rb8 25. cxd5 cxd5 26. Rb5 Bc7 27.
Rxd5+ Kc6 28. Rb5 Rxb5 29. axb5+ Kd5 30. g3 Bb6 31. Be3 f6 32. exf6 gxf6 33.
Kc3 Nc7 34. Kb4 Ke4 35. Nd2+ Kd3 36. Nc4 Nd5+ 37. Kb3 Bxd4 38. Bxd4 Kxd4 39.
Nd6 f4 40. gxf4 Nxf4 41. Ka4 Ke5 42. Nc8 Nd5 43. Nxa7 Nc3+ 44. Kb4 Nxb5 45.
Nxb5 Kf4 46. Nd4 Kg4 47. Kc4 Kxh4 48. Kd3 Kg4 49. Ke4 h4 50. f3+ Kg5 51. Ne6+
Kg6 52. Nf4+ Kg5 53. Nh3+ Kg6 54. Kf4 1-0

[Event "Sportsko leto 2017"]
[Site "Paracin"]
[Date "2017.07.10"]
[Round "4.13"]
[White "Marjanovic, Annamaria"]
[Black "Savic, Miodrag R"]
[Result "0-1"]
[WhiteElo "2331"]
[BlackElo "2492"]
[PlyCount "84"]
[EventDate "2017.??.??"]

1. c4 e5 2. g3 Nc6 3. Bg2 Bc5 4. Nc3 d6 5. e3 a6 6. Nge2 Nf6 7. a3 Ba7 8. b4
O-O 9. O-O Be6 10. d3 d5 11. cxd5 Nxd5 12. Qc2 Nxc3 13. Nxc3 Qd7 14. Rd1 Bh3
15. Ne4 Bxg2 16. Kxg2 Rad8 17. Qc4 Kh8 18. a4 f5 19. Ng5 Qd5+ 20. Qxd5 Rxd5 21.
Ba3 Rf6 22. Rab1 h6 23. Nf3 b5 24. axb5 axb5 25. Rbc1 Rfd6 26. Ne1 Bb6 27. Rd2
e4 28. d4 Rg6 29. Rdc2 Rdd6 30. Kf1 Ne7 31. Ng2 Rgf6 32. Nf4 g5 33. Ne2 Kg8 34.
Nc3 c6 35. d5 Nxd5 36. Nxd5 cxd5 37. Rc8+ Kf7 38. Rb8 f4 39. Ke2 fxe3 40. fxe3
Rf3 41. Rf1 g4 42. Bc1 Rdf6 0-1

[Event "Sportsko leto 2017"]
[Site "Paracin"]
[Date "2017.07.10"]
[Round "4.14"]
[White "Costachi, Mihnea"]
[Black "Sarenac, David"]
[Result "0-1"]
[WhiteElo "2427"]
[BlackElo "2329"]
[PlyCount "146"]
[EventDate "2017.??.??"]

1. d4 Nf6 2. c4 e6 3. Nf3 d5 4. Nc3 c6 5. Bg5 Nbd7 6. e3 Qa5 7. Nd2 dxc4 8.
Bxf6 Nxf6 9. Nxc4 Qc7 10. Be2 Be7 11. O-O O-O 12. Qc2 Rd8 13. Rfd1 Bd7 14. Rac1
Be8 15. e4 b5 16. Ne3 Qb6 17. e5 Nd5 18. Qe4 Rac8 19. Bd3 g6 20. Ncxd5 cxd5 21.
Qf4 Rxc1 22. Rxc1 g5 23. Qg4 f5 24. exf6 Bxf6 25. Nc2 h5 26. Qe2 Bf7 27. Qe3
Rc8 28. Re1 Kg7 29. h3 b4 30. b3 Rc3 31. Qd2 a5 32. g3 Qc7 33. Re3 h4 34. Kg2
Kf8 35. Rf3 Kg7 36. Ne3 Bh5 37. Ng4 Bxg4 38. hxg4 hxg3 39. fxg3 Qb6 40. Rxf6
Kxf6 41. Qf2+ Kg7 42. Qe3 Qd8 43. Kf2 Qf6+ 44. Ke2 Kf8 45. Kd2 Ke7 46. Ke2 Kd6
47. Kd2 a4 48. bxa4 Ra3 49. Kc2 Qh8 50. Kb2 Qh2+ 51. Kc1 Qh1+ 52. Kb2 Qh2+ 53.
Kc1 Qh8 54. Kb2 Rxa4 55. Bb5 Ra3 56. Qd2 Rc3 57. a3 Qa8 58. a4 Qd8 59. Qf2 Qh8
60. a5 Ke7 61. a6 Qb8 62. Qe2 Qb6 63. Qe5 Qxb5 64. a7 Ra3 65. Qg7+ Kd6 66. Qf8+
Kc7 67. Qe7+ Kb6 68. Qd8+ Kxa7 69. Qc7+ Qb7 70. Qc5+ Ka6 71. Kb1 Rc3 72. Qd6+
Qb6 73. Qd7 Qc6 0-1

[Event "Sportsko leto 2017"]
[Site "Paracin"]
[Date "2017.07.10"]
[Round "4.15"]
[White "Petrov, Martin"]
[Black "Franklin, Samuel G A"]
[Result "1-0"]
[WhiteElo "2417"]
[BlackElo "2312"]
[PlyCount "69"]
[EventDate "2017.??.??"]

1. e4 e5 2. Nf3 Nc6 3. Bc4 Bc5 4. c3 Nf6 5. d4 exd4 6. e5 d5 7. Be2 Ne4 8. cxd4
Bb6 9. Nc3 O-O 10. Be3 f6 11. exf6 Nxf6 12. h3 Bf5 13. O-O Qd6 14. Rc1 Rae8 15.
Bb5 Re7 16. Bg5 Kh8 17. Na4 Be4 18. Bxc6 Bxf3 19. Qxf3 bxc6 20. Nc5 Bxc5 21.
Rxc5 Ref7 22. Bxf6 Rxf6 23. Qc3 h6 24. Ra5 Qf4 25. Rxa7 Qg5 26. Rxc7 Rg6 27. g3
Rgf6 28. Kg2 Qf5 29. f3 Qg6 30. Re7 Re8 31. Rxe8+ Qxe8 32. Re1 Qb8 33. Re5 Rf8
34. a4 Rd8 35. b4 1-0

[Event "International Tournament "]
[Site "Paracin, Hotel "]
[Date "2017.07.10"]
[Round "4.16"]
[White "Rajkovic, Mladen"]
[Black "Haria, Ravi"]
[Result "0-1"]
[WhiteElo "2305"]
[BlackElo "2417"]
[PlyCount "72"]
[EventDate "2017.07.07"]

1. e4 e6 2. d4 d5 3. Nd2 Nf6 4. e5 Nfd7 5. f4 c5 6. Ngf3 Nc6 7. Nb3 c4 8. Nbd2
h6 9. Be2 g5 10. fxg5 hxg5 11. Nf1 g4 12. Ng1 f5 13. c3 Bg7 14. g3 b5 15. h4
Bb7 16. Rh2 b4 17. Ne3 Qb6 18. Bxg4 O-O-O 19. Bf3 Ncxe5 20. dxe5 Nxe5 21. Qc2
Bh6 22. Ke2 b3 23. axb3 cxb3 24. Qd1 d4 25. Bxb7+ Kxb7 26. Ra3 dxe3 27. Qxb3
Ng4 28. Rg2 Bf8 29. Qxb6+ axb6 30. Ra1 Bh6 31. Nf3 e5 32. Ng5 Bxg5 33. hxg5 Rh1
34. g6 e4 35. b4 Ra8 36. Bxe3 Rhxa1 0-1

[Event "International Tournament "]
[Site "Paracin, Hotel "]
[Date "2017.07.10"]
[Round "4.17"]
[White "Mesaros, Florian"]
[Black "Ivic, Matija"]
[Result "1-0"]
[WhiteElo "2415"]
[BlackElo "2297"]
[PlyCount "80"]
[EventDate "2017.07.07"]

1. Nf3 Nf6 2. c4 g6 3. Nc3 c5 4. g3 Bg7 5. Bg2 O-O 6. O-O Nc6 7. d4 d6 8. dxc5
dxc5 9. Be3 Qa5 10. Qb3 Ng4 11. Bd2 Nge5 12. Nxe5 Bxe5 13. Qb5 a6 14. Qxa5 Nxa5
15. b3 Rd8 16. Nd5 Nc6 17. Bc3 Kf8 18. Bxe5 Nxe5 19. Rfd1 Bg4 20. Nc3 Rxd1+ 21.
Rxd1 Rb8 22. h3 Be6 23. Ne4 b6 24. f4 Nd7 25. Ng5 Nf6 26. e4 b5 27. cxb5 axb5
28. e5 Nh5 29. Kf2 h6 30. Nxe6+ fxe6 31. Rc1 Rd8 32. Be4 Kf7 33. Kf3 Rd2 34. g4
Ng7 35. Rxc5 Rxa2 36. Rxb5 g5 37. f5 Ra1 38. Bd3 Rh1 39. Kg2 Re1 40. Kf2 Rh1
1-0

[Event "International Tournament "]
[Site "Paracin, Hotel "]
[Date "2017.07.10"]
[Round "4.18"]
[White "Lazov, Toni"]
[Black "Vucinic, Gojko"]
[Result "1/2-1/2"]
[WhiteElo "2279"]
[BlackElo "2415"]
[PlyCount "103"]
[EventDate "2017.07.07"]

1. e4 c5 2. Nf3 d6 3. d4 cxd4 4. Nxd4 Nf6 5. Nc3 a6 6. Bc4 e6 7. Bb3 b5 8. Bg5
Bd7 9. a3 Nc6 10. Nxc6 Bxc6 11. Qe2 Be7 12. Rd1 Qc7 13. O-O O-O 14. Rd3 h6 15.
Bf4 Qb7 16. Bxd6 Bxd6 17. Rxd6 Bxe4 18. Nxe4 Nxe4 19. Rd3 Rfd8 20. Rfd1 Rxd3
21. Qxd3 Nc5 22. Qe3 Rc8 23. Rd2 Nxb3 24. Qxb3 Qe4 25. Qe3 Qxe3 26. fxe3 Kf8
27. Kf2 Ke7 28. Ke2 f5 29. c3 e5 30. Rd1 Ke6 31. Ra1 Kd5 32. Kd3 Rd8 33. g3
Kc5+ 34. Kc2 g6 35. b3 g5 36. Rf1 Rf8 37. Kd3 Kd5 38. Rxf5 Rxf5 39. e4+ Ke6 40.
exf5+ Kxf5 41. c4 bxc4+ 42. bxc4 Ke6 43. h4 gxh4 44. gxh4 a5 45. h5 a4 46. Ke4
Kd6 47. c5+ Kxc5 48. Kxe5 Kc4 49. Ke4 Kc3 50. Ke3 Kc2 51. Ke2 Kc3 52. Ke3
1/2-1/2

[Event "International Tournament "]
[Site "Paracin, Hotel "]
[Date "2017.07.10"]
[Round "4.19"]
[White "Zegarac, Vuk"]
[Black "Ostojic, Nikola"]
[Result "1/2-1/2"]
[WhiteElo "2276"]
[BlackElo "2412"]
[PlyCount "60"]
[EventDate "2017.07.07"]

1. d4 g6 2. Nc3 Bg7 3. e4 d6 4. f4 a6 5. Nf3 b5 6. Bd3 Nd7 7. e5 c5 8. Be4 Rb8
9. O-O cxd4 10. Nxd4 dxe5 11. Nc6 Qb6+ 12. Kh1 Ngf6 13. Nxb8 Qxb8 14. Bc6 O-O
15. a4 b4 16. Nd5 Nxd5 17. Qxd5 e6 18. Qe4 Qc7 19. Bxd7 Bxd7 20. fxe5 Bc6 21.
Qxb4 Ba8 22. c3 Bxe5 23. Qh4 f5 24. Bh6 Qc6 25. Rf2 Bf6 26. Bg5 Bg7 27. Rd1 e5
28. Bh6 Bxh6 29. Qxh6 e4 30. Qg5 Qc7 1/2-1/2

[Event "International Tournament "]
[Site "Paracin, Hotel "]
[Date "2017.07.10"]
[Round "4.20"]
[White "Trifunovic, Miroljub"]
[Black "Ivic, Velimir"]
[Result "0-1"]
[WhiteElo "2269"]
[BlackElo "2375"]
[PlyCount "100"]
[EventDate "2017.07.07"]

1. d4 Nf6 2. Nf3 g6 3. g3 Bg7 4. Bg2 O-O 5. O-O d6 6. h3 Ne4 7. c4 f5 8. Nbd2
Nxd2 9. Bxd2 Nd7 10. Bc3 Qe8 11. Ng5 Nf6 12. d5 h6 13. Nf3 e5 14. dxe6 Bxe6 15.
Qc2 Qf7 16. Rac1 Rae8 17. Rfe1 Bd7 18. b3 Bc6 19. Qb2 g5 20. Bf1 g4 21. Nh4 f4
22. e3 fxg3 23. fxg3 Qe6 24. Bd3 Be4 25. Bxe4 Nxe4 26. Bxg7 Rf2 27. Qxf2 Nxf2
28. Kxf2 Kxg7 29. hxg4 Qxg4 30. Ng2 Re5 31. Nf4 Ra5 32. Rc2 Rg5 33. Rg1 h5 34.
Rg2 a5 35. Rd2 Kf7 36. Rd4 Qf5 37. Rd5 Qf6 38. Rxg5 Qxg5 39. Rh2 Qf5 40. Kf3
Qb1 41. Rf2 a4 42. bxa4 Qd1+ 43. Kg2 Qxa4 44. Nxh5+ Ke7 45. Kf3 d5 46. cxd5
Qd1+ 47. Re2 Qxd5+ 48. Kg4 Qe4+ 49. Nf4 c5 50. Rb2 c4 0-1

[Event "International Tournament "]
[Site "Paracin, Hotel "]
[Date "2017.07.10"]
[Round "4.21"]
[White "Atakisi, Umut"]
[Black "Strugnell, Carl"]
[Result "1-0"]
[WhiteElo "2373"]
[BlackElo "2271"]
[Annotator "Balkanchess"]
[PlyCount "67"]
[EventDate "2017.07.07"]

1. Nf3 Nf6 2. g3 d5 3. Bg2 g6 4. O-O Bg7 5. d4 O-O 6. c4 dxc4 7. Na3 c3 8. bxc3
c5 9. Re1 Nd5 10. Bb2 Nc6 11. Nc4 Nb6 12. Nxb6 Qxb6 13. Rb1 Qa6 14. Qb3 Be6 15.
Qa3 Qxa3 16. Bxa3 cxd4 17. Nxd4 Nxd4 18. cxd4 Bxd4 19. Bxe7 Bxa2 20. Rxb7 Rfe8
21. e3 Bg7 22. Rc7 Rab8 23. Rxa7 Be6 24. Bc6 Rec8 25. Bd7 Bxd7 26. Rxd7 Rb2 27.
g4 h6 28. Red1 Rc4 29. h3 g5 30. R1d5 Rcc2 31. Bd6 Rc8 32. Rf5 f6 33. Bg3 Rc5
34. Rf3 {unreadable} 1-0

[Event "International Tournament "]
[Site "Paracin, Hotel "]
[Date "2017.07.10"]
[Round "4.22"]
[White "Radovic, Luka"]
[Black "Martic, Ivan"]
[Result "1-0"]
[WhiteElo "2264"]
[BlackElo "2356"]
[PlyCount "79"]
[EventDate "2017.07.07"]

1. Nf3 g6 2. g3 Bg7 3. Bg2 c5 4. c4 Nc6 5. O-O e5 6. Nc3 Nge7 7. d3 O-O 8. Bd2
d6 9. Qc1 a6 10. Bh6 Rb8 11. Bxg7 Kxg7 12. e3 Nf5 13. Nd2 Nfe7 14. Nd5 a5 15.
f4 f6 16. Qc3 Be6 17. Rf2 Nb4 18. fxe5 fxe5 19. Rxf8 Qxf8 20. Rf1 Qd8 21. d4
cxd4 22. exd4 Nbxd5 23. cxd5 Nxd5 24. Qb3 Nf4 25. d5 Ne2+ 26. Kh1 Bf5 27. Nf3
Rc8 28. Qxb7+ Qc7 29. Qa6 Nc1 30. Ng5 Kh6 31. Ne6 Qb8 32. b3 Rc2 33. Qxa5 Nd3
34. Qa4 e4 35. Qd4 Bxe6 36. dxe6 Qb4 37. Qxb4 Nxb4 38. e7 Rc8 39. Rf8 Rc1+ 40.
Bf1 1-0

[Event "International Tournament "]
[Site "Paracin, Hotel "]
[Date "2017.07.10"]
[Round "4.23"]
[White "Stathopoulos, Ioannis"]
[Black "Ozenir, Ekin Baris"]
[Result "0-1"]
[WhiteElo "2343"]
[BlackElo "2098"]
[Annotator "Balkanchess"]
[PlyCount "23"]
[EventDate "2017.07.07"]

1. d4 Nf6 2. c4 e6 3. Nf3 b6 4. g3 Bb7 5. Bg2 Be7 6. O-O O-O 7. Nc3 Ne4 8. Bd2
Bf6 9. Qc2 d5 10. Be3 Nd7 11. Nxe4 dxe4 12. Nd2 {unreadable} 0-1

[Event "International Tournament "]
[Site "Paracin, Hotel "]
[Date "2017.07.10"]
[Round "4.24"]
[White "Milosevic, Milos"]
[Black "Radovanovic, Mihajlo"]
[Result "0-1"]
[WhiteElo "2263"]
[BlackElo "2337"]
[PlyCount "52"]
[EventDate "2017.07.07"]

1. e4 c5 2. Nf3 d6 3. Bb5+ Nd7 4. d4 cxd4 5. Qxd4 a6 6. Bxd7+ Bxd7 7. O-O Rc8
8. c4 e5 9. Qd3 Qc7 10. b3 b5 11. Na3 Qb7 12. Bb2 Nf6 13. Nd2 Be7 14. f3 O-O
15. Rfd1 Nh5 16. Nf1 Nf4 17. Qd2 Bg5 18. Qxd6 Qa7+ 19. c5 Rxc5 20. Kh1 Ne2 21.
Ng3 Nxg3+ 22. hxg3 Rc6 23. Bxe5 Rxd6 24. Bxd6 Re8 25. f4 Bd8 26. e5 Re6 0-1

[Event "International Tournament "]
[Site "Paracin, Hotel "]
[Date "2017.07.10"]
[Round "4.25"]
[White "Tan, Justin"]
[Black "Raykov, Stefan"]
[Result "1-0"]
[WhiteElo "2462"]
[BlackElo "2103"]
[PlyCount "57"]
[EventDate "2017.07.07"]

1. e4 c5 2. Nf3 e6 3. d4 cxd4 4. Nxd4 Nc6 5. Nc3 Qc7 6. Be3 a6 7. Qf3 b5 8. Qg3
Bd6 9. f4 Nxd4 10. Bxd4 Ne7 11. e5 Bc5 12. Bxc5 Qxc5 13. Bd3 Bb7 14. O-O-O O-O
15. Ne4 Bxe4 16. Bxe4 Rac8 17. Rxd7 Nd5 18. Kb1 Nb6 19. Rd2 Qb4 20. Qe1 Qc5 21.
Rf1 Rfd8 22. Rxd8+ Rxd8 23. Bxh7+ Kf8 24. Bd3 Nc4 25. a3 Rd4 26. f5 b4 27. fxe6
bxa3 28. Rxf7+ Kg8 29. Qg3 1-0

[Event "International Tournament "]
[Site "Paracin, Hotel "]
[Date "2017.07.10"]
[Round "4.26"]
[White "Radovanovic, Nikola"]
[Black "Cvetkovic, Nemanja"]
[Result "1-0"]
[WhiteElo "2399"]
[BlackElo "2244"]
[PlyCount "143"]
[EventDate "2017.07.07"]

1. d4 Nf6 2. c4 e6 3. Nc3 Bb4 4. g3 O-O 5. Bg2 d5 6. Nf3 dxc4 7. O-O Nc6 8. Bg5
h6 9. Bxf6 Qxf6 10. e3 Rb8 11. Qe2 b5 12. Ne4 Qe7 13. b3 Na5 14. Ne5 cxb3 15.
axb3 Bb7 16. Qc2 Bxe4 17. Bxe4 Rfc8 18. Nd3 Ba3 19. b4 Nc4 20. Qc3 a5 21. Rxa3
axb4 22. Nxb4 c5 23. dxc5 Nxa3 24. Qxa3 Qxc5 25. Rb1 Rb6 26. Qa5 Rd6 27. Bd3
Rcd8 28. Rb3 Qc1+ 29. Kg2 Qd1 30. Rb1 Qh5 31. Be4 Rd2 32. Nc6 Qe2 33. Rf1 Re8
34. Qc3 Rd1 35. Rxd1 Qxd1 36. Nd4 Qa4 37. Qc6 Rb8 38. Qc7 Rf8 39. Bc6 Qa6 40.
Bxb5 Qa8+ 41. Bc6 Qb8 42. Qe7 Rd8 43. Be4 Qd6 44. Qa7 Qd7 45. Qa3 Qd6 46. Qc3
Qe5 47. Qc2 Qd6 48. h4 Rb8 49. Nc6 Re8 50. Nd4 Rb8 51. h5 Qb6 52. Nc6 Ra8 53.
Ne5 Qa7 54. Qc6 Rf8 55. Bg6 Qe7 56. Bc2 Qd8 57. Qe4 Qd5 58. Qxd5 exd5 59. Bb3
Re8 60. Nc6 Kf8 61. Bxd5 Ra8 62. Ne5 Ra5 63. e4 f6 64. Ng6+ Ke8 65. Nh4 Kf8 66.
Kh3 Ra3 67. Kg4 Rc3 68. Kf5 Rc2 69. f3 Rh2 70. Kg6 Rf2 71. Kh7 Rf1 72. g4 1-0

[Event "International Tournament "]
[Site "Paracin, Hotel "]
[Date "2017.07.10"]
[Round "4.27"]
[White "Dimitrov, Vladimir"]
[Black "Pecurica, Milos"]
[Result "1/2-1/2"]
[WhiteElo "2359"]
[BlackElo "2255"]
[PlyCount "39"]
[EventDate "2017.07.07"]

1. d4 d5 2. c4 c6 3. Nc3 Nf6 4. e3 e6 5. Nf3 Nbd7 6. Bd3 dxc4 7. Bxc4 b5 8. Bd3
Bb7 9. O-O a6 10. a4 b4 11. Ne4 c5 12. Nxf6+ Nxf6 13. dxc5 Bxc5 14. Qe2 O-O 15.
e4 Nd7 16. Rd1 h6 17. b3 Qe7 18. Bb2 Rfd8 19. a5 Ba7 20. Bc2 1/2-1/2